000 00923cam a22002654a 4500
001 11934541
005 20180202073721.0
008 000307s2000 inub b 000 0 eng
010 _a 00028126
020 _a087220538X (pbk.)
020 _a0872205398 (cloth)
040 _aDLC
_cDLC
_dDLC
041 1 _aeng
042 _apcc
080 _a180 MAR
082 0 0 _a180 MAR
_221
100 _a24
101 _aFIL
245 0 0 _aReadings in ancient Greek philosophy :
_cedited by S. Marc Cohen, Patricia Curd, C.D.C. Reeve.
246 3 0 _aAncient Greek philosophy from Thales to Aristotle
504 _aIncludes bibliographical references (p. 855-859).
906 _a7
_bcbc
_corignew
_d1
_eocip
_f20
_gy-gencatlg
942 _2ddc
_cBK
999 _c41647
_d41647